The Cuphead Quiz! - Statistics

General Stats
  • This quiz has been taken 82 times
  • The average score is 11 of 15
Answer Stats
Hint Answer % Correct
The Main Character Cuphead
100%
Above's Brother Mugman
93%
The Guardian of the two above Elder Kettle
90%
The main antagonist The Devil
88%
Main antagonist's lackey King Dice
85%
The Boss in Floral Fury Cagney Carnation
78%
The Boss in Carnival Kerfuffle Beppi the Clown
76%
The Owner of the Shop Porkrind
71%
The First Shooter You Get Peashooter
69%
The Boss in Ruse of an Ooze Goopy Le Grande
66%
The Boomerang Shooter Roundabout
63%
The Studio That Made The Game Studio MDHR
59%
The Eighth Miniboss in All Bets are Off! Mangosteen
58%
The Name of the Second Super Invincibility
54%
Wally Warble's Son Willy Warbles
53%
No matching quizzes found
Score Distribution
Percent of People with Each Score
Percentile by Number Answered
Your Score History
You have not taken this quiz